header

The Fatimids and their traditions of learning (Record no. 20908)

MARC details
000 -LEADER
fixed length control field 01528nam a2200397 a 4500
082 04 - DEWEY DECIMAL CLASSIFICATION NUMBER
Classification number 297.8/22
100 1# - MAIN ENTRY--AUTHOR NAME
Personal name Halm, Heinz,
245 14 - TITLE STATEMENT
Title The Fatimids and their traditions of learning
260 ## - PUBLICATION, DISTRIBUTION, ETC. (IMPRINT)
Place of publication London ;
-- New York :
Name of publisher I.B. Tauris in association with the Institute of Ismaili Studies,
Year of publication 1997.
300 ## - PHYSICAL DESCRIPTION
Number of Pages xv, 112 p.
490 1# - SERIES STATEMENT
Series statement Institute of Ismaili Studies. Ismaili heritage series ;
650 #0 - SUBJECT ADDED ENTRY--TOPICAL TERM
Topical Term Fatimites.
856 40 - ELECTRONIC LOCATION AND ACCESS
Uniform Resource Identifier http://site.ebrary.com/lib/rucke/Doc?id=10701585

No items available.

© 2026 Rongo University
Contact us: librarian | system librarian | Rongo university